Poblacion por Estado en Mexico - Statistics

General Stats
  • This quiz has been taken 23 times
  • The average score is 25 of 32
Answer Stats
Poblacion Answer % Correct
8´062,579 Veracruz
100%
8´348,151 Jalisco
94%
3'796,020 Baja California
89%
9'209,944 Ciudad de Mexico
89%
16'992,418 Estado de Mexico
89%
5'784,442 Nuevo Leon
89%
4'132,148 Oaxaca
89%
6'583,278 Puebla
89%
3'026,943 Sinaloa
89%
2'320,868 Yucatan
89%
3'146,771 Coahuila
83%
3'540,865 Guerrero
83%
1'857,985 Quintana Roo
83%
2'944,840 Sonora
83%
3'527,735 Tamaulipas
83%
1'425,607 Aguascalientes
78%
6'166,934 Guanajuato
78%
798,447 Baja California Sur
72%
5'543,828 Chiapas
72%
3'741,869 Chihuahua
72%
731,391 Colima
72%
1'832,680 Durango
72%
3'082,841 Hidalgo
72%
4'748,846 Michoacan
72%
2'368,527 Queretaro
72%
2'822,255 San Luis Potosi
72%
1'342,977 Tlaxcala
72%
928,363 Campeche
67%
1'971,520 Morelos
67%
1'235,477 Nayarit
67%
2'402,495 Tabasco
61%
1'620,158 Zacatecas
61%
No matching quizzes found
Score Distribution
Percent of People with Each Score
Percentile by Number Answered
Your Score History
You have not taken this quiz